Obálka Náhled e-knihy:
Epub
Pro půjčování e-knih musíte být přihlášeni.
Jak si půjčit online?

Skok do neznáma /

Napínavý román s kriminální i milostnou zápletkou je zasazen do Ameriky 20. let a v hlavní roli se objevuje navrátilec z 1. světové války.

Uloženo v:
Hlavní autor: Brown, Sandra, 1948- (Autor)
Další autoři: Melišíková, Michaela, 1984- (Autor)
Médium: E-kniha
Jazyk:Czech
Vydáno: Praha : Euromedia Group, 2023
Vydání:Vydání první
Témata:
Tagy:
Žádné tagy
LEADER 02560nam a2200469 i 4500
001 312116
003 CZ PrSKC
005 20260601215717.0
007 ta
008 231010s2023 xr g 000 f cze
015 |a cnb003524423 
020 |a 9788024293066  |q (vázáno) 
035 |a (OCoLC)1412783513 
040 |a ABG001  |b cze  |e rda 
041 1 |a cze  |h eng 
072 7 |a 821.111(73)-3  |x Americká próza  |2 Konspekt 
080 |a 821.111(73)-31  |2 MRF 
080 |a (0:82-312.4)  |2 MRF 
100 1 |a Brown, Sandra,  |d 1948-  |7 jn19990001140  |4 aut 
240 1 0 |a Blind tiger.  |l Česky  |7 aun20231207468 
245 1 0 |a Skok do neznáma /  |c Sandra Brown ; přeložila Michaela Melišíková 
250 |a Vydání první 
264 1 |a Praha :  |b Euromedia Group,  |c 2023 
300 |a 510 stran ;  |c 21 cm 
336 |a text  |b txt  |2 rdacontent 
337 |a bez média  |b n  |2 rdamedia 
338 |a svazek  |b nc  |2 rdacarrier 
500 |a "Vydala Euromedia Group, a.s.- v edici Kalibr"--Tiráž 
500 |a Přeloženo z angličtiny 
520 2 |a Napínavý román s kriminální i milostnou zápletkou je zasazen do Ameriky 20. let a v hlavní roli se objevuje navrátilec z 1. světové války.  |b Rok 1920 - Thatcher Hutton, válkou znavený voják, je na cestě zpět ke svému kovbojskému životu. Když vyskočí z jedoucího nákladního vlaku, aby se vyhnul potížím, netuší, že skončí v ještě větším průšvihu. Zrovna v den jeho příjezdu do texaského Foley se ztratí jedna z místních žen. Zničehonic je hlavním podezřelým. Situaci mu neulehčuje zkorumpovaný starosta, nepoctivý šerif ani znepřátelení lihovarníci. A do cesty se mu navíc připlete mladá vdova, která se zrovna rozhodla vrhnout se do lukrativního regionálního průmyslu a vyrábět pálenku. Nakladatelská anotace. 
655 7 |a americké romány  |7 fd131796  |2 czenas 
655 7 |a thrillery (romány)  |7 fd184206  |2 czenas 
655 9 |a American fiction  |2 eczenas 
655 9 |a thrillers (novels)  |2 eczenas 
700 1 |a Melišíková, Michaela,  |d 1984-  |7 xx0277906  |4 trl 
900 |a ABA001  |b 20 
928 9 |a Euromedia Group - Kalibr 
928 9 |a Kalibr 
044 |a xr 
910 |a RBIT002 
998 |d 387908  |a https://core.palmknihy.cz/api/books/387908/cover?s1n424  |b https://core.palmknihy.cz/api/books/387908/cover/400?s1n424  |c https://core.palmknihy.cz/api/books/387908/cover/50?s1n424  |e 2027-05-30  |g 512  |i 9788024293066  |j https://core.palmknihy.cz/api/books/387908/preview.epub  |l   |q 49  |r 1  |s https://www.palmknihy.cz/kniha/387908  |t ebook  |y 2023  |z 0 
999 |d 312114